000 01134cam a2200289Ii 4500
001 893894899
003 OCoLC
005 20250825112830.0
008 141024s2015 nyu b 000 0 eng d
020 _a9780525953036
020 _a9781444702187
020 _a0525953035
035 _a(OCoLC)893894899
_z(OCoLC)906024014
040 _aBTCTA
_beng
_cBTCTA
_dYDXCP
_dBDX
_dTNH
_dOCLCO
_dWIM
_dCO2
_dZHB
_dZQP
_dKTP
_dVP@
_dCDX
_dOCLCQ
_dOCLCF
_dTLE
_dDLC
082 _a251
_bKEL 1
092 _a251
_bK29P
100 1 _aKeller, Timothy,
_d1950-2023
245 1 0 _aPreaching :
_bcommunicating faith in an age of skepticism /
_cTimothy Keller
264 1 _aNew York :
_bViking,
_cc2015
300 _aviii, 309 pages ;
_c20 cm
504 _aIncludes bibliographical references (pages 241-309)
520 _aPresents a guide to preaching for pastors as well as laypeople, intended to help readers communicate the Christian message of grace in a meaningful, engaging, and compassionate way
650 0 _aPreaching
650 0 _aWord of God (Christian theology)
650 0 _aCommunication
_xReligious aspects
_xChristianity
942 _2ddc
_cBK
_n0
999 _c10921
_d10921